[Event "Munich op-A 3rd"]
[Site "Munich"]
[Date "2025.06.02"]
[Round "8"]
[White "Engel, Luis"]
[Black "Lochte, Thomas"]
[Result "1-0"]
[WhiteElo "2549"]
[BlackElo "1955"]
[PlyCount "87"]
[EventDate "2025.05.29"]
[EventType "swiss"]
[EventRounds "9"]
[EventCountry "GER"]
[SourceTitle "CB23_2025"]
[SourceDate "2025.06.04"]
[SourceVersion "1"]
[SourceVersionDate "2025.06.04"]
[SourceQuality "1"]

1. e4 e5 2. Nf3 Nc6 3. Bb5 a6 4. Ba4 Nf6 5. 0-0 b5 6. Bb3 Be7 7. Re1 0-0 8. h3 d6 9. c3 Na5 10. Bc2 c5 11. d4 Qc7 12. d5 Nc4 13. Qe2 Rb8 14. a4 Bd7 15. b3 Na5 16. axb5 axb5 17. Be3 b4 18. c4 h6 19. Nbd2 Ra8 20. Nf1 Ra7 21. Ng3 Rfa8 22. Nh2 Nb7 23. Rxa7 Rxa7 24. f4 Ra2 25. Rf1 Qa5 26. Nf3 Qc7 27. Qd1 Nh7 28. Qb1 Ra8 29. Bd1 f6 30. Nh4 exf4 31. Bxf4 g5 32. Ng6 Bd8 33. Bc1 Be8 34. Bh5 Nf8 35. Nxf8 Kxf8 36. Bb2 Qg7 37. Bxe8 Kxe8 38. Nh5 Qg6 39. Nxf6+ Bxf6 40. Rxf6 Qh7 41. Qf1 Nd8 42. e5 Qc2 43. Qe1 Kd7 44. exd6 1-0

[Event "Munich op-A 3rd"]
[Site "Munich"]
[Date "2025.05.31"]
[Round "6"]
[White "Engel, Luis"]
[Black "Kalinichenko, Yury"]
[Result "1-0"]
[WhiteElo "2549"]
[BlackElo "2250"]
[PlyCount "67"]
[EventDate "2025.05.29"]
[EventType "swiss"]
[EventRounds "9"]
[EventCountry "GER"]
[SourceTitle "CB23_2025"]
[SourceDate "2025.06.04"]
[SourceVersion "1"]
[SourceVersionDate "2025.06.04"]
[SourceQuality "1"]

1. e4 e5 2. Nf3 Nc6 3. Bb5 a6 4. Ba4 Nf6 5. 0-0 Be7 6. Re1 b5 7. Bb3 0-0 8. h3 Bb7 9. d3 d6 10. a3 Na5 11. Ba2 c5 12. Nc3 b4 13. axb4 cxb4 14. Nd5 Nxd5 15. Bxd5 Bxd5 16. exd5 Nb7 17. d4 exd4 18. Nxd4 Bf6 19. Nc6 Qb6 20. Be3 Qb5 21. Bd4 Qxd5 22. Bxf6 Qxd1 23. Rexd1 gxf6 24. Nxb4 a5 25. Nd5 Kg7 26. Ra3 a4 27. Rd4 Ra5 28. Rg3+ Kh8 29. Nxf6 Rf5 30. Ne4 d5 31. Nc3 a3 32. bxa3 Rc8 33. Nxd5 Rd8 34. Ne7 1-0

[Event "Munich op-A 3rd"]
[Site "Munich"]
[Date "2025.05.30"]
[Round "4"]
[White "Engel, Luis"]
[Black "Eljanov, Pavel"]
[Result "1/2-1/2"]
[WhiteElo "2549"]
[BlackElo "2668"]
[PlyCount "74"]
[EventDate "2025.05.29"]
[EventType "swiss"]
[EventRounds "9"]
[EventCountry "GER"]
[SourceTitle "CB23_2025"]
[SourceDate "2025.06.04"]
[SourceVersion "1"]
[SourceVersionDate "2025.06.04"]
[SourceQuality "1"]

1. e4 e5 2. Nf3 Nc6 3. Bb5 a6 4. Ba4 Nf6 5. d3 b5 6. Bb3 Bc5 7. Nc3 d6 8. Nd5 h6 9. c3 Be6 10. Nxf6+ Qxf6 11. 0-0 Ne7 12. Bxe6 Qxe6 13. d4 Bb6 14. Be3 0-0 15. d5 Qd7 16. Bxb6 cxb6 17. Nd2 f5 18. f3 Qc7 19. Qe2 Ng6 20. Qe3 Nf4 21. g3 Ng6 22. exf5 Rxf5 23. Ne4 Nf8 24. a4 bxa4 25. Rxa4 b5 26. Ra3 Nd7 27. Kg2 Rf7 28. b3 Nf6 29. Nxf6+ Rxf6 30. Ra2 a5 31. Qd3 Qb7 32. c4 bxc4 33. bxc4 Qc7 34. Qc3 Rf7 35. Rfa1 Raf8 36. Rf1 Ra8 37. Rfa1 Raf8 1/2-1/2

[Event "Karlsruhe Grenke op"]
[Site "Karlsruhe"]
[Date "2025.04.18"]
[Round "2"]
[White "Beeck, Mats"]
[Black "Engel, Luis"]
[Result "0-1"]
[WhiteElo "2236"]
[BlackElo "2544"]
[PlyCount "71"]
[EventDate "2025.04.17"]
[EventType "swiss"]
[EventRounds "9"]
[EventCountry "GER"]
[SourceTitle "CB17_2025"]
[SourceDate "2025.04.23"]
[SourceVersion "1"]
[SourceVersionDate "2025.04.23"]
[SourceQuality "1"]

1. c4 e6 2. g3 d5 3. Bg2 d4 4. Nf3 c5 5. 0-0 Nc6 6. d3 Bd6 7. e3 Nge7 8. exd4 cxd4 9. Na3 e5 10. Re1 f6 11. Nd2 0-0 12. Ne4 Bb8 13. c5 Be6 14. Qa4 Nd5 15. Bd2 Qd7 16. Rac1 a6 17. Nc4 Bc7 18. b4 Kh8 19. Qb3 Bg8 20. a4 f5 21. Ned6 Bxd6 22. cxd6 Nf6 23. b5 axb5 24. Qxb5 Bxc4 25. Rxc4 e4 26. Qc5 Rfe8 27. Rb1 h6 28. Bh3 Ne5 29. Rxd4 Nf3+ 30. Kg2 Re5 31. Qxe5 Nxe5 32. dxe4 Rxa4 33. Bxf5 Rxd4 34. Bxd7 Rxd2 35. Bf5 g6 36. Bxg6 0-1

[Event "Karlsruhe Grenke op"]
[Site "Karlsruhe"]
[Date "2025.04.18"]
[Round "3"]
[White "Engel, Luis"]
[Black "Moritz, Aron"]
[Result "1-0"]
[WhiteElo "2544"]
[BlackElo "2305"]
[PlyCount "77"]
[EventDate "2025.04.17"]
[EventType "swiss"]
[EventRounds "9"]
[EventCountry "GER"]
[SourceTitle "CB17_2025"]
[SourceDate "2025.04.23"]
[SourceVersion "1"]
[SourceVersionDate "2025.04.23"]
[SourceQuality "1"]

1. e4 d6 2. d4 Nf6 3. Nc3 e5 4. Nf3 Nbd7 5. Bc4 Be7 6. 0-0 0-0 7. a4 c6 8. Re1 a5 9. h3 exd4 10. Nxd4 Nc5 11. b3 Be6 12. Bxe6 fxe6 13. Ba3 Nfd7 14. Qe2 Bf6 15. Rad1 Be5 16. Nb1 Rf4 17. f3 Qf6 18. Qe3 Rf8 19. Ne2 Rh4 20. Rf1 g5 21. Nd2 b5 22. axb5 cxb5 23. b4 Na4 24. Nb3 axb4 25. Bxb4 Nb2 26. Rb1 Nc4 27. Qd3 Rd8 28. Rfd1 Nb2 29. Rxb2 Bxb2 30. Qxd6 Be5 31. Qe7 Qxe7 32. Bxe7 Rc8 33. Rxd7 Rxc2 34. Bxg5 Rh5 35. Nbd4 Rc7 36. Rxc7 Bxc7 37. h4 Bb6 38. Kh2 Bc7+ 39. Kh3 1-0

[Event "Karlsruhe Grenke op"]
[Site "Karlsruhe"]
[Date "2025.04.17"]
[Round "1"]
[White "Engel, Luis"]
[Black "Stoll, Lucia"]
[Result "1-0"]
[WhiteElo "2544"]
[BlackElo "2109"]
[PlyCount "39"]
[EventDate "2025.04.17"]
[EventType "swiss"]
[EventRounds "9"]
[EventCountry "GER"]
[SourceTitle "CB17_2025"]
[SourceDate "2025.04.23"]
[SourceVersion "1"]
[SourceVersionDate "2025.04.23"]
[SourceQuality "1"]

1. e4 e5 2. Nf3 Nc6 3. Bb5 a6 4. Ba4 Nf6 5. d3 b5 6. Bb3 Be7 7. a4 Rb8 8. axb5 axb5 9. Nc3 d6 10. Nd5 Nxd5 11. Bxd5 Bd7 12. c3 0-0 13. h4 Qe8 14. Ng5 Bxg5 15. hxg5 g6 16. Qf3 Kg7 17. Qf6+ Kg8 18. Be3 Ra8 19. Rb1 Qd8 20. Rh6 1-0

[Event "EU-ch 25th"]
[Site "Eforie Nord"]
[Date "2025.03.16"]
[Round "2"]
[White "Cieslak, Patryk"]
[Black "Engel, Luis"]
[Result "1-0"]
[WhiteElo "2411"]
[BlackElo "2555"]
[PlyCount "57"]
[EventDate "2025.03.15"]
[EventType "swiss"]
[EventRounds "11"]
[EventCountry "ROU"]
[SourceTitle "CB13_2025"]
[SourceDate "2025.03.26"]
[SourceVersion "1"]
[SourceVersionDate "2025.03.26"]
[SourceQuality "1"]

1. e4 c5 2. Nf3 d6 3. d4 cxd4 4. Nxd4 Nf6 5. Nc3 a6 6. Bg5 e6 7. Qf3 h6 8. Bd2 Qc7 9. 0-0-0 Nbd7 10. Qg3 b5 11. a3 Rb8 12. f3 b4 13. axb4 Rxb4 14. Nb3 Nc5 15. Nxc5 Qxc5 16. Bd3 Rb8 17. f4 Nd7 18. Kb1 g5 19. Be2 Bg7 20. e5 dxe5 21. fxg5 e4 22. Na4 Qc6 23. Bc3 Bxc3 24. Nxc3 Qb7 25. b3 hxg5 26. Rd4 Rh6 27. Nxe4 Kf8 28. Rxd7 Bxd7 29. Nc5 1-0

[Event "Berlin Radtke Memorial"]
[Site "Berlin"]
[Date "2024.10.27"]
[Round "9"]
[White "Engel, Luis"]
[Black "Dathe, Frederick"]
[Result "1-0"]
[WhiteElo "2555"]
[BlackElo "2256"]
[PlyCount "71"]
[EventDate "2024.10.21"]
[EventType "swiss"]
[EventRounds "9"]
[EventCountry "GER"]
[SourceTitle "CB44_2024"]
[Source "Chessbase"]
[SourceDate "2024.10.30"]
[SourceVersion "1"]
[SourceVersionDate "2024.10.30"]
[SourceQuality "1"]

1. e4 c5 2. Nf3 Nc6 3. Bb5 Nf6 4. Bxc6 dxc6 5. d3 g6 6. Be3 b6 7. h3 Bg7 8. Nc3 0-0 9. Qd2 e5 10. Bh6 Qd6 11. Bxg7 Kxg7 12. Ne2 a5 13. Qc3 Nd7 14. a4 f6 15. Nd2 Ba6 16. 0-0 Rae8 17. b3 Rf7 18. Rab1 Kg8 19. Kh1 Nf8 20. Nc4 Qc7 21. f4 exf4 22. Rxf4 Nd7 23. Ne3 Qe5 24. Qd2 f5 25. Rbf1 Nf6 26. Nxf5 gxf5 27. Rxf5 Nxe4 28. dxe4 Bxe2 29. Rxf7 Bxf1 30. Rxf1 Rf8 31. Rxf8+ Kxf8 32. Qd8+ Kg7 33. Qd7+ Kg8 34. Qg4+ Kh8 35. Qf5 Qe8 36. e5 1-0

[Event "Berlin Radtke Memorial"]
[Site "Berlin"]
[Date "2024.10.24"]
[Round "5"]
[White "Engel, Luis"]
[Black "Nemec, Jachym"]
[Result "1/2-1/2"]
[WhiteElo "2555"]
[BlackElo "2398"]
[PlyCount "75"]
[EventDate "2024.10.21"]
[EventType "swiss"]
[EventRounds "9"]
[EventCountry "GER"]
[SourceTitle "CB44_2024"]
[Source "Chessbase"]
[SourceDate "2024.10.30"]
[SourceVersion "1"]
[SourceVersionDate "2024.10.30"]
[SourceQuality "1"]

1. e4 c6 2. d4 d5 3. exd5 cxd5 4. c4 Nf6 5. Nc3 e6 6. Nf3 Bb4 7. cxd5 Nxd5 8. Bd2 Nc6 9. Bd3 0-0 10. 0-0 Be7 11. a3 Bf6 12. Qc2 h6 13. Rad1 Nce7 14. Ne4 b6 15. Bc1 Bb7 16. Rfe1 Rc8 17. Qb3 Nf5 18. Bb1 Qc7 19. g4 Nd6 20. Qd3 Nxe4 21. Rxe4 Qc4 22. Ree1 Qxd3 23. Rxd3 Rxc1 24. Rxc1 Nf4 25. Rc7 Be4 26. Ne1 Bxd3 27. Nxd3 Nxd3 28. Bxd3 Bxd4 29. b4 a5 30. Kg2 Rd8 31. Bb5 Bb2 32. bxa5 bxa5 33. a4 g6 34. Bd7 Be5 35. Rc8 Rxc8 36. Bxc8 Bf4 37. h3 Kf8 38. Kf3 1/2-1/2

[Event "Berlin Radtke Memorial"]
[Site "Berlin"]
[Date "2024.10.24"]
[Round "6"]
[White "Peng, Hongchi"]
[Black "Engel, Luis"]
[Result "1/2-1/2"]
[WhiteElo "2385"]
[BlackElo "2555"]
[PlyCount "84"]
[EventDate "2024.10.21"]
[EventType "swiss"]
[EventRounds "9"]
[EventCountry "GER"]
[SourceTitle "CB44_2024"]
[Source "Chessbase"]
[SourceDate "2024.10.30"]
[SourceVersion "1"]
[SourceVersionDate "2024.10.30"]
[SourceQuality "1"]

1. d4 Nf6 2. c4 e6 3. Nc3 Bb4 4. Bg5 c5 5. d5 h6 6. Bh4 d6 7. f3 0-0 8. e4 Re8 9. Nge2 b5 10. dxe6 Bxe6 11. a3 Bxc3+ 12. Nxc3 bxc4 13. Bxf6 Qxf6 14. Qxd6 Nd7 15. 0-0-0 Rab8 16. Rd2 Rb6 17. Qg3 Ne5 18. f4 Nd3+ 19. Bxd3 cxd3 20. Rxd3 Reb8 21. Rd2 Rb3 22. Rf1 Bc4 23. Rff2 Qa6 24. f5 Kh7 25. e5 Rxc3+ 26. Qxc3 Rb3 27. Qc2 Re3 28. Rd6 Qb5 29. f6+ g6 30. Qd2 Qb3 31. Rf3 Rxf3 32. gxf3 Qxf3 33. Rd8 Qf1+ 34. Kc2 Qh3 35. Qd6 Bb3+ 36. Kd2 Qxh2+ 37. Kd3 Qg3+ 38. Ke2 Qg2+ 39. Ke3 Qg1+ 40. Kf3 Qf1+ 41. Kg3 Qe1+ 42. Kf3 Qf1+ 1/2-1/2

[Event "Berlin Radtke Memorial"]
[Site "Berlin"]
[Date "2024.10.23"]
[Round "4"]
[White "Gumularz, Szymon"]
[Black "Engel, Luis"]
[Result "1-0"]
[WhiteElo "2559"]
[BlackElo "2555"]
[PlyCount "75"]
[EventDate "2024.10.21"]
[EventType "swiss"]
[EventRounds "9"]
[EventCountry "GER"]
[SourceTitle "CB44_2024"]
[Source "Chessbase"]
[SourceDate "2024.10.30"]
[SourceVersion "1"]
[SourceVersionDate "2024.10.30"]
[SourceQuality "1"]

1. c4 e6 2. g3 d5 3. Bg2 d4 4. Nf3 c5 5. e3 Nc6 6. 0-0 Nf6 7. exd4 cxd4 8. d3 Nd7 9. Re1 Be7 10. Na3 0-0 11. Nc2 e5 12. b4 Nxb4 13. Nxe5 Nxe5 14. Rxe5 Bd6 15. Rb5 Nxc2 16. Qxc2 Qc7 17. Rab1 Re8 18. Bd2 Rb8 19. c5 Be6 20. Qa4 Bxc5 21. Rc1 b6 22. Bf4 Qe7 23. Rcxc5 a6 24. Qxa6 Bc8 25. Rxc8 Qe1+ 26. Bf1 Rbxc8 27. Re5 Qa1 28. Rxe8+ Rxe8 29. Qa4 Rc8 30. Be5 Qe1 31. Qd7 Ra8 32. Qc6 Qa5 33. Bxd4 h6 34. Bxb6 Qxa2 35. d4 Rb8 36. Kg2 Qb1 37. Bc5 Qc1 38. Bd3 1-0

[Event "Bundesliga 2425"]
[Site "Germany"]
[Date "2024.10.06"]
[Round "2.3"]
[White "Engel, Luis"]
[Black "Erdogmus, Yagiz Kaan"]
[Result "1-0"]
[WhiteElo "2555"]
[BlackElo "2592"]
[PlyCount "101"]
[EventDate "2024.09.28"]
[EventType "team-tourn"]
[EventRounds "15"]
[EventCountry "GER"]
[SourceTitle "EXT 2025"]
[Source "ChessBase"]
[SourceDate "2024.10.14"]
[SourceVersion "1"]
[SourceVersionDate "2024.10.14"]
[SourceQuality "1"]
[WhiteTeam "Hamburger SK"]
[BlackTeam "Viernheim"]
[WhiteTeamCountry "GER"]
[BlackTeamCountry "GER"]

1. e4 e5 2. Nf3 Nc6 3. Bb5 a6 4. Ba4 d6 5. 0-0 b5 6. Bb3 Na5 7. d4 exd4 8. Qxd4 Ne7 9. Bd5 c5 10. Qc3 b4 11. Qe3 Nxd5 12. exd5+ Be7 13. Re1 Nc4 14. Qe4 Nb6 15. a3 Bb7 16. c4 bxc3 17. Nxc3 Kf8 18. Qd3 Qd7 19. Bf4 Re8 20. b4 cxb4 21. axb4 Rc8 22. Rac1 Bf6 23. Ne4 Rxc1 24. Bxd6+ Be7 25. Bxe7+ Qxe7 26. Rxc1 Nxd5 27. Re1 Nf4 28. Qd6 Qxd6 29. Nxd6 Bc6 30. Ne5 Nxg2 31. Rc1 Bd5 32. Nexf7 Bxf7 33. Rc8+ Ke7 34. Rxh8 Bd5 35. Nf5+ Kf7 36. Ne3 Nf4 37. Nxd5 Nxd5 38. Rxh7 Nxb4 39. Rh4 Nd5 40. Ra4 Nc7 41. Rc4 Nd5 42. Rc6 Nb4 43. Rb6 a5 44. Rb5 Nc6 45. Rc5 Nd4 46. Rxa5 Ne6 47. Kg2 Kf6 48. Kg3 Nd4 49. Kg4 Ne6 50. h4 Nd4 51. h5 1-0

[Event "Bundesliga 2425"]
[Site "Germany"]
[Date "2024.10.05"]
[Round "1.3"]
[White "Ferreira, Jorge Viterbo"]
[Black "Engel, Luis"]
[Result "1/2-1/2"]
[WhiteElo "2535"]
[BlackElo "2555"]
[PlyCount "96"]
[EventDate "2024.09.28"]
[EventType "team-tourn"]
[EventRounds "15"]
[EventCountry "GER"]
[SourceTitle "EXT 2025"]
[Source "ChessBase"]
[SourceDate "2024.10.14"]
[SourceVersion "1"]
[SourceVersionDate "2024.10.14"]
[SourceQuality "1"]
[WhiteTeam "Heimbach Weis Neuwied"]
[BlackTeam "Hamburger SK"]
[WhiteTeamCountry "GER"]
[BlackTeamCountry "GER"]

1. d4 Nf6 2. c4 e6 3. g3 d5 4. Bg2 dxc4 5. Nf3 a6 6. 0-0 Nc6 7. Nc3 Rb8 8. b3 Bb4 9. Bb2 Na5 10. Ne5 c5 11. dxc5 Qc7 12. Nxc4 Nxc4 13. bxc4 Bxc5 14. Na4 Be7 15. Qd4 Bd7 16. Qe5 Rc8 17. Qxc7 Rxc7 18. Nb6 Bc6 19. Be5 Bxg2 20. Bxc7 Bxf1 21. Kxf1 Bd8 22. Bxd8 Kxd8 23. Rd1+ Kc7 24. Na4 h5 25. h4 Rg8 26. Nc5 Ng4 27. Ke1 g5 28. hxg5 Rxg5 29. Nb3 Nh6 30. Rd4 b6 31. Rf4 Rf5 32. Rxf5 Nxf5 33. Kd2 Kd6 34. Kd3 Nh6 35. Nd2 f5 36. f3 e5 37. e3 Nf7 38. f4 a5 39. a3 Kc5 40. Nb3+ Kc6 41. fxe5 Nxe5+ 42. Kc3 Ng4 43. Nd4+ Kc5 44. Nxf5 Nf2 45. a4 Ne4+ 46. Kd3 Nf2+ 47. Kc3 Ne4+ 48. Kd3 Nf2+ 1/2-1/2

[Event "Karlsruhe Grenke op"]
[Site "Karlsruhe"]
[Date "2024.03.30"]
[Round "5"]
[White "Engel, Luis"]
[Black "Sidletskyi, Ivan"]
[Result "1-0"]
[WhiteElo "2547"]
[BlackElo "2336"]
[PlyCount "37"]
[EventDate "2024.03.28"]
[EventType "swiss"]
[EventRounds "9"]
[EventCountry "GER"]
[SourceTitle "EXT 2025"]
[Source "ChessBase"]
[SourceDate "2024.10.14"]
[SourceVersion "1"]
[SourceVersionDate "2024.10.14"]
[SourceQuality "1"]

1. d4 Nf6 2. c4 e6 3. Nc3 Bb4 4. Nf3 b6 5. Bg5 h6 6. Bh4 Bb7 7. e3 g5 8. Bg3 Ne4 9. Qc2 d6 10. Bd3 Bxc3+ 11. bxc3 f5 12. d5 exd5 13. cxd5 Bxd5 14. Nd4 Qf6 15. f3 Nxg3 16. hxg3 Nd7 17. Bxf5 0-0-0 18. e4 Qe7 19. Qa4 1-0